الطب الشرعى والبوليس الفنى الجنائى. (Record no. 55743)
[ view plain ]
| 000 -LEADER | |
|---|---|
| fixed length control field | 01349nam a2200325 i 4500 |
| 003 - CONTROL NUMBER IDENTIFIER | |
| control field | EG-GICUC |
| 005 - DATE AND TIME OF LATEST TRANSACTION | |
| control field | 20260206043940.0 |
| 008 - FIXED-LENGTH DATA ELEMENTS--GENERAL INFORMATION | |
| fixed length control field | 260109s1969 ua o|||fr|||| 00| 0 ara d |
| 040 ## - CATALOGING SOURCE | |
| Original cataloging agency | EG-GICUC |
| Language of cataloging | ara |
| Transcribing agency | EG-GICUC |
| Modifying agency | EG-GICUC |
| Description conventions | rda |
| 041 0# - LANGUAGE CODE | |
| Language code of text/sound track or separate title | Ara |
| 082 04 - DEWEY DECIMAL CLASSIFICATION NUMBER | |
| Edition number | 21 |
| Classification number | 343.83 |
| Item number | ي ح . ط |
| 092 04 - LOCALLY ASSIGNED DEWEY CALL NUMBER (OCLC) | |
| Edition number | 21 |
| 099 ## - LOCAL FREE-TEXT CALL NUMBER (OCLC) | |
| Classification number | Law1 10 343.83 ي ح . ط 1969 |
| 100 0# - MAIN ENTRY--PERSONAL NAME | |
| Personal name | يحيى شريف |
| Relator term | مؤلف. |
| 245 12 - TITLE STATEMENT | |
| Title | الطب الشرعى والبوليس الفنى الجنائى. |
| Number of part/section of a work | الجزء الأول / |
| Statement of responsibility, etc. | تأليف دكتور يحيى شريف، الدكتور محمد عبدالعزيز سيف النصر، دكتور محمد عدلى مشالى. |
| 264 #3 - PRODUCTION, PUBLICATION, DISTRIBUTION, MANUFACTURE, AND COPYRIGHT NOTICE | |
| Place of production, publication, distribution, manufacture | القاهرة : |
| Name of producer, publisher, distributor, manufacturer | مطبعة جامعة عين شمس، |
| Date of production, publication, distribution, manufacture, or copyright notice | 1969. |
| 300 ## - PHYSICAL DESCRIPTION | |
| Extent | 563 صفحة : |
| Other physical details | صور ؛ |
| Dimensions | 24 سم. |
| 336 ## - CONTENT TYPE | |
| Source | rda content |
| Content type term | text |
| 337 ## - MEDIA TYPE | |
| Source | rda media |
| Media type term | Computer |
| 338 ## - CARRIER TYPE | |
| Source | rda carrier |
| Carrier type term | Online Resource |
| 546 ## - LANGUAGE NOTE | |
| Language note | النص باللغة العربية |
| 650 1# - SUBJECT ADDED ENTRY--TOPICAL TERM | |
| Topical term or geographic name entry element | علم الطب الشرعى |
| Source of heading or term | qrmak |
| 650 1# - SUBJECT ADDED ENTRY--TOPICAL TERM | |
| Topical term or geographic name entry element | القانون الجنائى |
| Source of heading or term | qrmak |
| 651 1# - SUBJECT ADDED ENTRY--GEOGRAPHIC NAME | |
| Source of heading or term | qrmak |
| 700 0# - ADDED ENTRY--PERSONAL NAME | |
| Personal name | محمد عبدالعزيز سيف النصر |
| Relator term | مؤلف مشارك. |
| 700 0# - ADDED ENTRY--PERSONAL NAME | |
| Personal name | محمد عدلى مشالى |
| Relator term | مؤلف مشارك. |
| 856 40 - ELECTRONIC LOCATION AND ACCESS | |
| Uniform Resource Identifier | <a href="https://fll.law.cu.edu.eg/fulltext/bks/B10-07503.pdf">https://fll.law.cu.edu.eg/fulltext/bks/B10-07503.pdf</a> |
| 905 ## - Cataloger and Reviser Names | |
| Cataloger Name: | Yasmin Sayed |
| Revisor Name: | Yara |
| 942 ## - ADDED ENTRY ELEMENTS (KOHA) | |
| Source of classification or shelving scheme | Dewey Decimal Classification |
| Koha item type | Books |
| Edition | 21 |
| Suppress in OPAC | No |
| Withdrawn status | Lost status | Source of classification or shelving scheme | Damaged status | Not for loan | Collection | Home library | Current library | Date acquired | Total checkouts | Full call number | Barcode | Date last seen | Copy number | Price effective from | Koha item type |
|---|---|---|---|---|---|---|---|---|---|---|---|---|---|---|---|
| Dewey Decimal Classification | Not for loan | القانون الجنائي | جــــامعة القــاهرة | مكتبة كلية الحقوق - المبنى الرئيسي | 09.01.2026 | Law1 10 343.83 ي ح . ط 1969 1007503 V1, C1 | B10-07503 | 09.01.2026 | 1 | 09.01.2026 | Books | ||||
| Dewey Decimal Classification | القانون الجنائي | جــــامعة القــاهرة | مكتبة كلية الحقوق - المبنى الرئيسي | 09.01.2026 | Law1 10 343.83 ي ح . ط 1969 1007506 V1, C2 | B10-07506 | 09.01.2026 | 2 | 09.01.2026 | Books | |||||
| Dewey Decimal Classification | القانون الجنائي | مكتبة كلية الحقوق - فـرع الشيخ زايد | مكتبة كلية الحقوق - فـرع الشيخ زايد | 11.01.2026 | Law2 10 343.83 ي ح . ط 1969 1007736 V1, C3 | B10-07736 | 11.01.2026 | 3 | 11.01.2026 | Books |